| 000 | 00363 a2200121 4500 | ||
|---|---|---|---|
| 001 | ART_41535 | ||
| 005 | 20260410162023.0 | ||
| 008 | 260409a | ||
| 245 | 1 | 0 | _aLas cesiones de derechos económicos |
| 100 | 1 | _aAbreu, Gustavo A. | |
| 700 | 1 | _aLozano, Gabriel César | |
| 773 | 0 |
_tAnuario de derecho del fútbol _g- Nº 1 (dic. 2008) _wREV41517 |
|
| 999 |
_c33295 _d33295 |
||